The Forex trading manual : (Record no. 18778)
[ view plain ]
| 000 -LEADER | |
|---|---|
| fixed length control field | 01312cam a2200277 a 4500 |
| 001 - CONTROL NUMBER | |
| control field | 17388029 |
| 005 - DATE AND TIME OF LATEST TRANSACTION | |
| control field | 20141215140139.0 |
| 008 - FIXED-LENGTH DATA ELEMENTS--GENERAL INFORMATION | |
| fixed length control field | 120716t2013 xxua frb 001 0 eng d |
| 010 ## - LIBRARY OF CONGRESS CONTROL NUMBER | |
| LC control number | 2012026524 |
| 020 ## - INTERNATIONAL STANDARD BOOK NUMBER | |
| International Standard Book Number | 9780071782920 (alk. paper) |
| 020 ## - INTERNATIONAL STANDARD BOOK NUMBER | |
| International Standard Book Number | 0071782923 (alk. paper) |
| 040 ## - CATALOGING SOURCE | |
| Original cataloging agency | DLC |
| Transcribing agency | DLC |
| Modifying agency | DLC |
| -- | EG-ScBUE |
| 082 00 - DEWEY DECIMAL CLASSIFICATION NUMBER | |
| Classification number | 332.45 |
| Edition number | 22 |
| Item number | PAZ |
| 100 1# - MAIN ENTRY--PERSONAL NAME | |
| Personal name | Paz, Javier H. |
| 9 (RLIN) | 36930 |
| 245 14 - TITLE STATEMENT | |
| Title | The Forex trading manual : |
| Remainder of title | the rules-based approach to making money trading currencies / |
| Statement of responsibility, etc | Javier H. Paz. |
| 260 ## - PUBLICATION, DISTRIBUTION, ETC. (IMPRINT) | |
| Place of publication, distribution, etc | New York, United States : |
| Name of publisher, distributor, etc | McGraw-Hill, |
| Date of publication, distribution, etc | c.2013. |
| 300 ## - PHYSICAL DESCRIPTION | |
| Extent | viii, 227 p. : |
| Other physical details | ill. ; |
| Dimensions | 24 cm. |
| 500 ## - GENERAL NOTE | |
| General note | Index : p. 219-227. |
| 504 ## - BIBLIOGRAPHY, ETC. NOTE | |
| Bibliography, etc | Includes bibliographical references. |
| 505 0# - FORMATTED CONTENTS NOTE | |
| Formatted contents note | Introduction-Similarities between driving and trading-Important terminology in forex trading-Securing a trader's permit-The trading simulator-Technical analysis-Fundamental analysis-Your first trading strategy-Following your trading plan-Mental conditioning-Trading resources-Maximizing profitable trades-Final thoughts-Appendix A : How to open a practice account-Appendix B : Trade size table. |
| 650 #0 - SUBJECT ADDED ENTRY--TOPICAL TERM | |
| Topical term or geographic name as entry element | Foreign exchange market |
| 9 (RLIN) | 34056 |
| 650 #0 - SUBJECT ADDED ENTRY--TOPICAL TERM | |
| Topical term or geographic name as entry element | Foreign exchange futures |
| 9 (RLIN) | 36574 |
| 653 ## - INDEX TERM--UNCONTROLLED | |
| Resource For college | BAEPS, Business Administration |
| Arrived date list | December2014 |
| 655 ## - INDEX TERM--GENRE/FORM | |
| Form subdivision | |
| -- | 34232 |
| 942 ## - ADDED ENTRY ELEMENTS (KOHA) | |
| Source of classification or shelving scheme | Dewey Decimal Classification |
| Call number prefix | 332.45 PAZ |
| Withdrawn status | Item status | Source of classification or shelving scheme | Damaged status | Not for loan | Vendor | Home library | Current library | Shelving location | Date acquired | Source of acquisition | Cost, normal purchase price | Serial Enumeration / chronology | Total Checkouts | Full call number | Barcode | Date last seen | Cost, replacement price | Koha item type |
|---|---|---|---|---|---|---|---|---|---|---|---|---|---|---|---|---|---|---|
| Dewey Decimal Classification | Baccah | Central Library | Central Library | First floor | 15/12/2014 | 161.00 | 20677 | 332.45 PAZ | 000037175 | 15/07/2025 | 201.25 | Book - Borrowing |